American History Xtreme Multiple Choice - Statistics

General Stats
  • This quiz has been taken 337 times
    309 since last reset
  • The average score is 7 of 15
Answer Stats
Question Answer % Correct
Who was the 16th president of the United States? Abraham Lincoln
79%
If the President and the Vice President die, who is next in succession for the presidency? The Speaker of the House of Representatives
79%
Which Indigenous American Nation was the last one to be at war (as in both sides used official military force) with the United States? Apache
59%
What document was the United States founded upon before the ratification of the Constitution? The Articles of Confederation
59%
With which country did the United States fight its first declared foreign war after the Revolutionary War? British Empire
54%
What did the 19th Amendment to the Constitution do? Ended voting discrimination by sex
51%
Which book caused massive changes in the American Food industry? The Jungle by Upton Sinclair
49%
Slavery was made illegal in the United States by the Thirteenth Amendment to the Constitution except in the case of what? Prisoners
41%
Which of the following happened under the presidency of Millard Fillmore? The opening of Japan's ports
41%
In which war did the United States first use war balloons? The American Civil War
38%
Which of the following presidents did not succeed the presidency when the previous died or left office? Calvin Coolidge
36%
Which American President was elected by a political machine? Warren Harding
36%
What event caused the United States to join the Entente in World War I? The alleged interception of the Zimmerman Telegram
28%
The United States has only ever lost three armed conflicts it was involved in (not including inconclusive results or civil wars with few American troops.).Which one of these did the United States not lose? The War in South Zaire
18%
Which country was the first to recognize the sovereignty of the United States? The Netherlands
0%
No matching quizzes found
Score Distribution
Percent of People with Each Score
Percentile by Number Answered
Your Score History
You have not taken this quiz since the last reset